1494 1141 1453 1920 1169 1036 1554 1965 1623 1247 1497 1325 1278 1938 1803 1994 1782 1698 1582 1735 1833 1419 1226 1624 1157 1181 1556 1712 1637 1612 1182 1737 1740 1199 1053 1071 1707 1272 1875 1782 1768 1686 1470 1156 1046 1547 1373 1194 1719 1433 1329 1658 1995 1969 1827 1901 1714 1918 1983 1291 1843 1259 1122 1328 1848 1614 1265 1212 1203 1129 1932 1624 1615 1830 1617 1628 1960 1675 1341 1924 1764 1365 1810 1289 1759 1042 1448 1336 1209 1662 1286 1284 1176 1327 1962 1706 1789 1755 1650 BCNSPRNW ULIB Ver.6.0+V

เปลี่ยนเป็นภาษาไทย

Change to English
 แสดงรายละเอียดบรรณานุกรม
  กลับหน้าหลัก

Brief Record : Get Marc (ISO 2709) : E-mail record : QR code < ปิดหน้าต่าง
LEADER : 00000nam 2200000uu 4500
001    13399122767
003     ULIB
008    130917s2555||||th 000 0 tha d
020    ^a9786167448268
060 04 ^aWJ342^bพ199ต
100 0  ^aพนิดา กุลประสูติดิลก
245 10 ^aไตวาย การควบคุม ดูแลรักษา และการป้องกัน /^cพนิดา กุลประสูติดิลก
250    ^aพิมพ์ครั้งที่ 2
260    ^aกรุงเทพฯ :^bFeel good,^c2555
300    ^a191 หน้า :^bภาพประกอบ ;^c21 ซม.
650  4 ^aไตวาย^xการป้องกันและควบคุม
650  4 ^aไตวาย^xการรักษา
945    ^p155^l0^i20216
999    ^aทศพร เกษรทอง
รายการนี้ยังไม่มีแท็ก
คุณยังไม่ได้ล็อกอิน คุณสามารถมีกิจกรรมร่วมกับเว็บไซต์ได้ แต่ต้องล็อกอินก่อน ::
  ล็อกอิน

รายการสื่อสารสนเทศ

ลำดับที่ ประเภท เลขเรียก/บาร์โค้ด สถานที่ สถานะ
- ไม่พบข้อมูล -

รายการใกล้เคียง
    ผู้แต่ง [พนิดา กุลประสูติดิลก]

BibComment


ยังไม่เคยถูกคอมเมนท์

คอมเมนท์ทรัพยากรรายการนี้
  คอมเมนท์: ไตวาย การควบคุม ..


 Copyright 2026. Bcnsprnw @Library